1595 1942 1169 1042 1117 1815 1638 1168 1664 1278 1313 1650 1629 1755 1428 1559 1048 1092 1499 1634 1656 1614 1073 1818 1868 1492 1406 1404 1893 1835 1343 1343 1896 1608 1570 1011 1690 1519 1407 1501 1433 1456 1135 1875 1019 1348 1102 1753 1127 1392 1602 1923 1028 1055 1779 1710 1550 1050 1026 1713 1634 1408 1752 1735 1521 1576 1530 1415 1941 1994 1026 1932 1870 1261 1908 1942 1034 1278 1511 1665 1140 1155 1739 1229 1041 1399 1928 1645 1312 1694 1881 1761 1986 1702 1052 1529 1607 1864 1255 BCNSPRNW ULIB Ver.6.0+V

เปลี่ยนเป็นภาษาไทย

Change to English
 แสดงรายละเอียดบรรณานุกรม
  กลับหน้าหลัก

Brief Record : Get Marc (ISO 2709) : E-mail record : QR code < ปิดหน้าต่าง
LEADER : 00000nam 2200000uu 4500
001    13399113301
003     ULIB
008    111006s2550||||th 000 0 tha d
020    9789749665503
020    9749665503
050 04 TX741^bท195บ 2550
100 0  ณัฐยา เต็งมงคล
245 00 เบาหวาน :^bอาหารลดน้ำตาลในเลือด /^cกองบรรณาธิการ, ณัฐยา เต็งมงคล, เยาวภา ขวัญดุษฎี
250    พิมพ์ครั้งที่ 4
260    กรุงเทพฯ :^bแสงแดด,^c2550
300    119 หน้า :^bภาพประกอบ ;^c17 ซม.
440  0 ชุดอาหารต้านโรค
650  4 เบาหวาน^xโภชนบำบัด
650  4 อาหารสำหรับผู้ป่วย
650  4 อาหารเพื่อสุขภาพ
650  4 อาหาร, การรักษาด้วยการกำหนด
650  4 การปรุงอาหาร
700 0  เยาวภา ขวัญดุษฎี,^eบรรณาธิการ
710 1  แสงแดด
945    ^p185^l0^i024181
995    ทศพร
999 ^a ทศพร
รายการนี้ยังไม่มีแท็ก
คุณยังไม่ได้ล็อกอิน คุณสามารถมีกิจกรรมร่วมกับเว็บไซต์ได้ แต่ต้องล็อกอินก่อน ::
  ล็อกอิน

รายการสื่อสารสนเทศ

ลำดับที่ ประเภท เลขเรียก/บาร์โค้ด สถานที่ สถานะ
- ไม่พบข้อมูล -

รายการใกล้เคียง
    หัวเรื่อง [อาหารสำหรับผู้ป่วย]
    หัวเรื่อง [อาหารเพื่อสุขภาพ]
    หัวเรื่อง [อาหาร, การรักษาด้วยการกำหนด]
    หัวเรื่อง [การปรุงอาหาร]

BibComment


ยังไม่เคยถูกคอมเมนท์

คอมเมนท์ทรัพยากรรายการนี้
  คอมเมนท์: เบาหวาน อาหารลดน..


 Copyright 2026. Bcnsprnw @Library